Responses for Show #5898 - Wednesday, April 14, 2010

Contestants

[<< previous game]

Charlotte Hotchkiss, a laboratory animal veterinarian from Shoreline, Washington

Ian Silverman, a high school social studies teacher from San Diego, California

Arthur Christy, a forensic scientist from Suffolk, Virginia (whose 1-day cash winnings total $21,201)

[next game >>]

Jeopardy! Round responses

ECONOMIC TERMS
ISSUE NO. 1
THE 4 BEATLES
JOHN PAUL
GORGE
"INGO"
    $200 13
poverty level (or poverty line)

Arthur
    $200 20
People

Charlotte
    $200 6
Yoko Ono

Ian
    $200 23
Mexico

Ian
    $200 8
England (Great Britain)

Triple Stumper
    $200 1
a dingo

Charlotte
    $400 14
free trade

Arthur
    $400 21
Superman

Arthur
    $400 7
(Ian: What is cancer?)
(Alex: Be more specific.)
(Ian: What is ovarian cancer?)

breast cancer

ArthurIan
    $400 24
a synagogue

Arthur
    $400 9
(Arthur: What is Switzerland?)

France

Arthur
Triple Stumper
    $400 2
gringo

Ian
    $600 15
monopoly

Arthur
    $600 22
the Post

Triple Stumper
    $600 17
Eric Clapton

Charlotte
    $600 25
(Charlotte: What is an earthquake?)

an assassinaton attempt

ArthurCharlotte
    $600 10
(Ian: What is Montana?)
(Charlotte: What is Utah?)

Oregon

ArthurIanCharlotte
    $600 3
bingo

Arthur
    $800 16
(Arthur: What is GDP?)
(Charlotte: What is gross national product?)

macroeconomics

ArthurIanCharlotte
    $800 27
Frederick Douglass

Ian
    $800 18
(Arthur: Who is Thomas the... Engine?)

Thomas the Tank Engine

ArthurCharlotte
    $800 26
Kraków

Ian
    $800 11
the Yangtze

Arthur
    $800 4
Santo Domingo

Ian
    $1,000 28
["(sic)" appeared in the clue as printed on the screen.]

7

Ian
    $1000 19
Give My Regards to Broad Street

Triple Stumper
    $1000 12
Georgia

Ian
    $1000 5
Mandingo

Arthur

Scores at the first commercial break (after clue 15):

Arthur Ian Charlotte
$4,200 $1,400 -$400

Scores at the end of the Jeopardy! Round:

Arthur Ian Charlotte
$4,000 $5,000 -$200

Double Jeopardy! Round responses

HELLISH QUOTES
AT THE ANCIENT ROMAN CINEPLEX
(Alex: You will have to give me the Roman numeral.)
HUBBLE, HUBBLE, TOIL & TROUBLE
MADAM, I'M ADAMS
AMERICA"NA"
ONLY ONE VOWEL
    $400 21
"The Charge of the Light Brigade"

Charlotte
    $400 14
X (10)

Ian
    $400 23
1990

Arthur
    $400 2
Ansel Adams

Ian
    $400 1
a national park

Ian
    $400 7
glass

Charlotte
    $800 22
London

Ian
    $800 15
IX (9)

Ian
    $800 26
(Arthur: What is the lens?)
[The end-of-round signal sounds.]

a mirror

ArthurCharlotte
    $800 3
Samuel Adams

Ian
    $800 9
Navajo

Charlotte
    $800 8
troll

Arthur
    $2,600 16
MMI (2001)

Ian
    $1200 4
Henry Adams

Triple Stumper
    $1200 10
Nathan's

Arthur
    $1200 13
flank

Triple Stumper
    $1600 17
(Arthur: What is L?)

D (500)

ArthurIan
    $1600 25
batteries

Ian
    $1600 5
Gerry Adams

Ian
    $1600 11
Natchez

Arthur
    $1600 19
(Charlotte: What is depth?)

length

Charlotte
Triple Stumper
    $2000 18
MDC (1600)

Arthur
    $2000 24
gyroscopes

Arthur
    $2000 6
Richard Adams

Triple Stumper
    $2000 12
(Alex: The inventor of basketball, right.)

(James) Naismith

Ian
    $2,000 20
(Arthur: What is...)
(Alex: Hurry.)
(Arthur: ...oxygen?)
...
(Alex: Less than a minute now.)

gold

Arthur

Scores at the end of the Double Jeopardy! Round:

Arthur Ian Charlotte
$7,600 $18,000 $600
(lock game)

[wagering suggestions for these scores]

Final Jeopardy! Round responses

POLITICALLY CORRECT POP CULTURE
(Alex: Time Warner TV did this in the UK but not here in the United States.)
CharlotteWhat is beheading?
$300
ArthurWhat is shooting?
$992
IanWhat are explosions?
$2,000
smoking

Final scores:

Arthur Ian Charlotte
$6,608 $16,000 $300
2nd place: $2,000 New champion: $16,000 3rd place: $1,000

Game dynamics:

Coryat scores:

Arthur Ian Charlotte
$9,600 $16,600 $600
17 R,
6 W
(including 1 DD)
20 R
(including 2 DDs),
2 W
8 R,
4 W

Combined Coryat: $26,800

[game clues] [game scores] [suggest correction]

Game tape date: 2010-01-20
The J! Archive is created by fans, for fans. Scraping, republication, monetization, and malicious use prohibited; this site may use cookies and collect identifying information. See terms. The Jeopardy! game show and all elements thereof, including but not limited to copyright and trademark thereto, are the property of Jeopardy Productions, Inc. and are protected under law. This website is not affiliated with, sponsored by, or operated by Jeopardy Productions, Inc. Join the discussion at JBoard.tv.